[Event "Prague op-A 13th"]
[Site "Prague"]
[Date "2014.01.11"]
[Round "3"]
[White "Gunajew, Rafal"]
[Black "Kohlweyer, Bernd"]
[Result "1/2-1/2"]
[WhiteElo "2300"]
[BlackElo "2437"]
[PlyCount "27"]
[EventDate "2014.01.10"]
[EventType "swiss"]
[EventRounds "9"]
[EventCountry "CZE"]
[SourceTitle "CBM 158 Extra"]
[Source "ChessBase"]
[SourceDate "2014.02.28"]
[SourceVersion "1"]
[SourceVersionDate "2014.02.28"]
[SourceQuality "1"]

1. e4 c5 2. Nf3 d6 3. c3 Nf6 4. Bd3 g6 5. h3 Bg7 6. Bc2 e5 7. d4 exd4 8. cxd4 0-0 9. 0-0 Nc6 10. Nc3 cxd4 11. Nxd4 d5 12. exd5 Nxd5 13. Nxc6 bxc6 14. Bd2 1/2-1/2

[Event "POL-chT blind Gp A"]
[Site "Mielno"]
[Date "2013.12.09"]
[Round "4.2"]
[White "Gunajew, Rafal"]
[Black "Staruch, Roman"]
[Result "1-0"]
[WhiteElo "2294"]
[BlackElo "1948"]
[PlyCount "75"]
[EventDate "2013.12.06"]
[EventType "team-tourn"]
[EventRounds "10"]
[EventCountry "POL"]
[SourceTitle "EXT 2019"]
[Source "ChessBase"]
[SourceDate "2018.10.10"]
[SourceVersion "1"]
[SourceVersionDate "2018.10.10"]
[SourceQuality "1"]

1. g3 e5 2. Bg2 d5 3. c4 c6 4. b3 Nf6 5. Bb2 e4 6. d3 Bb4+ 7. Bc3 Bxc3+ 8. Nxc3 Qa5 9. Qd2 exd3 10. exd3 dxc4 11. dxc4 0-0 12. Nge2 Re8 13. Rd1 Bg4 14. f3 Bf5 15. 0-0 Nbd7 16. Kh1 Re7 17. Nd5 Qa3 18. Nxe7+ Qxe7 19. Rfe1 Qa3 20. Nd4 Bg6 21. Bh3 h6 22. Nf5 Nf8 23. Re2 a5 24. Re3 Qc5 25. Ne7+ Kh7 26. Nxg6 Nxg6 27. Qd4 Qa3 28. Rd2 b6 29. Kg2 c5 30. Qd6 Qc1 31. Rde2 a4 32. Qxb6 axb3 33. Qxb3 Rd8 34. Re1 Qd2+ 35. R3e2 Qg5 36. Qe3 Qh5 37. f4 Nf8 38. Qe5 1-0

[Event "W-ch Disabled"]
[Site "Dresden"]
[Date "2013.10.25"]
[Round "4"]
[White "Gunajew, Rafal"]
[Black "Stachanczyk, Jacek"]
[Result "0-1"]
[WhiteElo "2295"]
[BlackElo "2227"]
[PlyCount "78"]
[EventDate "2013.10.22"]
[EventType "swiss"]
[EventRounds "7"]
[EventCountry "GER"]
[SourceTitle "CBM 157 Extra"]
[Source "ChessBase"]
[SourceDate "2013.12.19"]
[SourceVersion "1"]
[SourceVersionDate "2013.12.19"]
[SourceQuality "1"]

1. d4 d5 2. Nf3 Nf6 3. Bf4 c5 4. c3 cxd4 5. cxd4 Nc6 6. Nc3 Bf5 7. e3 e6 8. a3 Be7 9. h3 0-0 10. Be2 Rc8 11. Rc1 Qb6 12. Na4 Qa5+ 13. Kf1 b5 14. Nc5 Ne4 15. Nxe4 Bxe4 16. Nd2 b4 17. Nb3 Qb6 18. a4 Na5 19. Nxa5 Qxa5 20. f3 Bg6 21. b3 Rc3 22. Rxc3 bxc3 23. Bd3 Bxd3+ 24. Qxd3 Qb4 25. Qc2 Rc8 26. Ke2 Bd6 27. Bxd6 Qxd6 28. Rd1 g5 29. Rd3 Qc7 30. Kf2 Kg7 31. Rd1 a5 32. Rh1 f5 33. g4 f4 34. e4 Qc6 35. Rd1 dxe4 36. Qxe4 c2 37. Rc1 Qc3 38. Kg2 Qe3 39. Qb7+ Kg6 0-1

[Event "Ramsowo Grunwald Cup 28th"]
[Site "Ramsowo"]
[Date "2013.09.19"]
[Round "6"]
[White "Falkowski, Dawid"]
[Black "Gunajew, Rafal"]
[Result "0-1"]
[WhiteElo "2015"]
[BlackElo "2295"]
[PlyCount "22"]
[EventDate "2013.09.16"]
[EventType "swiss"]
[EventRounds "9"]
[EventCountry "POL"]
[SourceTitle "CBM 156 Extra"]
[Source "ChessBase"]
[SourceDate "2013.10.22"]
[SourceVersion "1"]
[SourceVersionDate "2013.10.22"]
[SourceQuality "1"]

1. e4 c5 2. Nf3 d6 3. d4 cxd4 4. Nxd4 Nf6 5. Nc3 a6 6. Bg5 e6 7. f4 Be7 8. Qf3 Nbd7 9. 0-0-0 Qc7 10. Bd3 h6 11. Bh4 g5 0-1

[Event "Ramsowo Grunwald Cup 28th"]
[Site "Ramsowo"]
[Date "2013.09.18"]
[Round "4"]
[White "Stachanczyk, Jacek"]
[Black "Gunajew, Rafal"]
[Result "1-0"]
[WhiteElo "2227"]
[BlackElo "2295"]
[PlyCount "127"]
[EventDate "2013.09.16"]
[EventType "swiss"]
[EventRounds "9"]
[EventCountry "POL"]
[SourceTitle "CBM 156 Extra"]
[Source "ChessBase"]
[SourceDate "2013.10.22"]
[SourceVersion "1"]
[SourceVersionDate "2013.10.22"]
[SourceQuality "1"]

1. e4 c5 2. Nf3 d6 3. d4 cxd4 4. Nxd4 Nf6 5. Nc3 a6 6. Bg5 Nbd7 7. f4 Qc7 8. Qf3 h6 9. Bh4 g5 10. fxg5 hxg5 11. Bxg5 Qc5 12. Qe3 Ng4 13. Qd2 Bg7 14. Nf5 Bxc3 15. bxc3 Ndf6 16. Ng3 Rg8 17. Bxf6 Nxf6 18. Qd4 Qg5 19. Be2 Nd7 20. 0-0 Ne5 21. Rab1 Rh8 22. Nf5 Rg8 23. g3 b5 24. c4 Bxf5 25. Rxf5 Qg7 26. Qb6 Nd7 27. Qc6 Qd4+ 28. Rf2 Rd8 29. cxb5 axb5 30. Bxb5 Rg5 31. Qc4 Qxc4 32. Bxc4 Ne5 33. Bb5+ Kf8 34. a4 Ra8 35. Kg2 Ng4 36. Re2 Rc5 37. c4 Ne5 38. Rc2 Kg7 39. Ra1 Ra5 40. Ra3 Kf6 41. Kf2 Ng4+ 42. Kf3 Ne5+ 43. Ke3 Ke6 44. Kd4 Ng4 45. Kc3 Nf6 46. Kb4 Ra7 47. Re2 Ke5 48. Rf3 Kd4 49. Rd2+ Kxe4 50. Rxf6 exf6 51. Rxd6 Rcc7 52. Rxf6 Ke5 53. Rf2 f5 54. a5 Rh7 55. a6 Rhg7 56. Ka5 Rgf7 57. Rd2 Ke4 58. c5 Ke3 59. Rd3+ Ke4 60. c6 f4 61. gxf4 Rxf4 62. Rd7 Ra8 63. Kb6 Rb8+ 64. Rb7 1-0

[Event "Ramsowo Grunwald Cup 28th"]
[Site "Ramsowo"]
[Date "2013.09.16"]
[Round "2"]
[White "Czajkowski, Adam"]
[Black "Gunajew, Rafal"]
[Result "0-1"]
[WhiteElo "1943"]
[BlackElo "2295"]
[PlyCount "78"]
[EventDate "2013.09.16"]
[EventType "swiss"]
[EventRounds "9"]
[EventCountry "POL"]
[SourceTitle "CBM 156 Extra"]
[Source "ChessBase"]
[SourceDate "2013.10.22"]
[SourceVersion "1"]
[SourceVersionDate "2013.10.22"]
[SourceQuality "1"]

1. e4 c5 2. Nf3 d6 3. d4 cxd4 4. Nxd4 Nf6 5. Nc3 a6 6. g3 g6 7. Bg2 Bg7 8. 0-0 0-0 9. b3 Bg4 10. Qd2 Qd7 11. Bb2 Nc6 12. Na4 Qc7 13. c4 Rfc8 14. Rac1 Bd7 15. Nc2 b5 16. cxb5 axb5 17. Nc3 Qa5 18. a3 Be6 19. b4 Qb6 20. Ne3 Ne5 21. Ncd5 Bxd5 22. exd5 Nfd7 23. Rxc8+ Rxc8 24. Rc1 Rxc1+ 25. Qxc1 Nd3 26. Qc7 Bf8 27. Qxd7 Nxb2 28. Bf1 Qa6 29. Nc2 Qa4 30. Qc6 Qb3 31. Bxb5 Bh6 32. a4 Qf3 33. Ne3 Qe4 34. Qc8+ Bf8 35. Qg4 Qb1+ 36. Kg2 h5 37. Qf4 Nd3 38. Bxd3 Qxd3 39. b5 Qb3 0-1

[Event "SVK-ch op"]
[Site "Banska Stiavnica"]
[Date "2013.07.07"]
[Round "2"]
[White "Gunajew, Rafal"]
[Black "Tropp, Oliver"]
[Result "1-0"]
[WhiteElo "2294"]
[BlackElo "2059"]
[PlyCount "57"]
[EventDate "2013.07.06"]
[EventType "swiss"]
[EventRounds "9"]
[EventCountry "SVK"]
[SourceTitle "CBM 155 Extra"]
[Source "ChessBase"]
[SourceDate "2013.08.26"]
[SourceVersion "1"]
[SourceVersionDate "2013.08.26"]
[SourceQuality "1"]

1. e4 e6 2. Nf3 d5 3. e5 c5 4. c3 Nc6 5. Na3 a6 6. Nc2 f6 7. exf6 Nxf6 8. d4 Bd6 9. Bg5 0-0 10. Bd3 c4 11. Be2 Qc7 12. Ne3 Ne4 13. Bh4 Bf4 14. Qc1 Ne7 15. Bg3 Nxg3 16. hxg3 Bh6 17. Ne5 Nf5 18. g4 Nxe3 19. fxe3 Qe7 20. Rh5 Bg5 21. Qc2 h6 22. Ng6 Qd6 23. Nxf8 Qg3+ 24. Kf1 Bxe3 25. Bf3 Kxf8 26. Rh3 Qf4 27. Ke2 e5 28. g3 Qg5 29. Rh5 1-0

[Event "SVK-ch op"]
[Site "Banska Stiavnica"]
[Date "2013.07.06"]
[Round "1"]
[White "Harvan, Richard"]
[Black "Gunajew, Rafal"]
[Result "1/2-1/2"]
[WhiteElo "2054"]
[BlackElo "2294"]
[PlyCount "81"]
[EventDate "2013.07.06"]
[EventType "swiss"]
[EventRounds "9"]
[EventCountry "SVK"]
[SourceTitle "CBM 155 Extra"]
[Source "ChessBase"]
[SourceDate "2013.08.26"]
[SourceVersion "1"]
[SourceVersionDate "2013.08.26"]
[SourceQuality "1"]

1. e4 c5 2. Nf3 d6 3. d4 cxd4 4. Nxd4 Nf6 5. Nc3 a6 6. f3 e5 7. Nb3 Be6 8. Be3 Be7 9. Qd2 0-0 10. 0-0-0 a5 11. Kb1 a4 12. Nc1 a3 13. b3 Na6 14. g4 Nb4 15. g5 Ne8 16. h4 Rc8 17. Bd3 Qa5 18. Nd5 Bxd5 19. exd5 f5 20. c4 Nc7 21. Rdg1 b5 22. g6 h5 23. Bg5 bxc4 24. Bxc4 Bf6 25. Nd3 Rb8 26. Bxf6 Rxf6 27. Rg5 e4 28. Nf4 Qc5 29. Nxh5 Rff8 30. Qc3 Ne8 31. Nxg7 Nxg7 32. h5 Qf2 33. h6 Qxa2+ 34. Kc1 Nd3+ 35. Bxd3 Rfc8 36. Bc4 Rxc4 37. Qxc4 Qa1+ 38. Kd2 Qxh1 39. Qc7 Qh2+ 40. Kd1 Qh1+ 41. Kc2 1/2-1/2

[Event "POL-ch blind"]
[Site "Warsaw"]
[Date "2013.05.02"]
[Round "11"]
[White "Pawelec, Bartosz"]
[Black "Gunajew, Rafal"]
[Result "0-1"]
[WhiteElo "2023"]
[BlackElo "2280"]
[PlyCount "84"]
[EventDate "2013.04.22"]
[EventType "tourn"]
[EventRounds "11"]
[EventCountry "POL"]
[SourceTitle "EXT 2014"]
[Source "ChessBase"]
[SourceDate "2013.11.20"]
[SourceVersion "1"]
[SourceVersionDate "2013.11.20"]
[SourceQuality "1"]

1. e4 c5 2. c3 Nf6 3. e5 Nd5 4. d4 cxd4 5. cxd4 Nc6 6. Nc3 Nxc3 7. bxc3 d5 8. Bd3 g6 9. h4 h5 10. Ne2 Bg4 11. f3 Be6 12. Nf4 Qd7 13. Qc2 Rc8 14. Bxg6 Nxd4 15. Qd3 Nc6 16. Bxh5 Nxe5 17. Qe3 Bg7 18. 0-0 Rc4 19. g4 Nxg4 20. Qxe6 Qxe6 21. Nxe6 Bxc3 22. fxg4 Bxa1 23. Ng5 Bf6 24. Bxf7+ Kd7 25. Be6+ Kd6 26. Ba3+ Kc6 27. Rd1 Bd4+ 28. Kf1 Rxh4 29. Nf3 Rh1+ 30. Ke2 Rxd1 31. Kxd1 Bg7 32. Nd2 Ra4 33. Nb1 Rd4+ 34. Nd2 Bh6 35. Bc1 Kd6 36. Bc8 e6 37. Bxb7 Rxg4 38. Kc2 Rg2 39. Kd3 e5 40. Bc8 e4+ 41. Kc3 Bxd2+ 42. Bxd2 d4+ 0-1

[Event "POL-ch blind"]
[Site "Warsaw"]
[Date "2013.04.30"]
[Round "9"]
[White "Gunajew, Rafal"]
[Black "Migala, Andrzej"]
[Result "1/2-1/2"]
[WhiteElo "2280"]
[BlackElo "2063"]
[PlyCount "60"]
[EventDate "2013.04.22"]
[EventType "tourn"]
[EventRounds "11"]
[EventCountry "POL"]
[SourceTitle "EXT 2014"]
[Source "ChessBase"]
[SourceDate "2013.11.20"]
[SourceVersion "1"]
[SourceVersionDate "2013.11.20"]
[SourceQuality "1"]

1. e4 c5 2. Nf3 d6 3. d4 cxd4 4. Nxd4 Nf6 5. Nc3 a6 6. Bg5 e6 7. f4 Be7 8. Qf3 Qa5 9. 0-0-0 Bd7 10. Bxf6 Bxf6 11. e5 dxe5 12. fxe5 Bc6 13. Nxc6 Bg5+ 14. Kb1 Nxc6 15. Ne4 Be7 16. Nd6+ Bxd6 17. exd6 Rd8 18. d7+ Rxd7 19. Rxd7 Ne5 20. Re7+ Kd8 21. Rd7+ Ke8 22. Re7+ Kd8 23. Rd7+ Ke8 24. Re7+ Kd8 25. Qe4 f5 26. Qh4 g5 27. Qxg5 Qe1+ 28. Qc1 Qxc1+ 29. Kxc1 Kxe7 30. g3 Rd8 1/2-1/2

[Event "POL-ch blind"]
[Site "Warsaw"]
[Date "2013.04.25"]
[Round "4"]
[White "Mackowiak, Marek"]
[Black "Gunajew, Rafal"]
[Result "1/2-1/2"]
[WhiteElo "2176"]
[BlackElo "2280"]
[PlyCount "60"]
[EventDate "2013.04.22"]
[EventType "tourn"]
[EventRounds "11"]
[EventCountry "POL"]
[SourceTitle "EXT 2014"]
[Source "ChessBase"]
[SourceDate "2013.11.20"]
[SourceVersion "1"]
[SourceVersionDate "2013.11.20"]
[SourceQuality "1"]

1. c4 e5 2. Nc3 Nc6 3. g3 g6 4. Bg2 Bg7 5. e3 d6 6. Nge2 f5 7. f4 e4 8. d4 a5 9. a3 Nf6 10. d5 Ne7 11. Rb1 c6 12. dxc6 bxc6 13. b4 axb4 14. axb4 Be6 15. c5 Nfd5 16. Nxd5 Bxd5 17. 0-0 dxc5 18. bxc5 Qa5 19. Qc2 0-0 20. Bb2 Rfb8 21. Bxg7 Kxg7 22. Rfc1 Kf7 23. Bf1 Qa3 24. Kf2 Rxb1 25. Qxb1 Ra5 26. Rc3 Qa1 27. Qxa1 Rxa1 28. Nd4 Ra2+ 29. Rc2 Rxc2+ 30. Nxc2 Ke6 1/2-1/2

[Event "London Classic op 4th"]
[Site "London"]
[Date "2012.12.07"]
[Round "7"]
[White "Hanley, Craig"]
[Black "Gunajew, Rafal"]
[Result "0-1"]
[WhiteElo "2412"]
[BlackElo "2260"]
[PlyCount "82"]
[EventDate "2012.12.01"]
[EventType "swiss"]
[EventRounds "9"]
[EventCountry "ENG"]
[SourceTitle "CBM 151 Extra"]
[Source "ChessBase"]
[SourceDate "2012.12.18"]
[SourceVersion "1"]
[SourceVersionDate "2012.12.18"]
[SourceQuality "1"]

1. e4 c5 2. Nf3 d6 3. d4 cxd4 4. Qxd4 Nc6 5. Bb5 Bd7 6. Bxc6 Bxc6 7. c4 Nf6 8. Nc3 g6 9. 0-0 Bg7 10. Qd3 a6 11. Nd4 Rc8 12. f3 Qb6 13. Be3 Qxb2 14. Rab1 Qa3 15. Nxc6 bxc6 16. Rb3 Qa5 17. Bb6 Qh5 18. g4 Qh3 19. Ne2 c5 20. Nf4 Qh6 21. Ng2 Nd7 22. Ba5 Bd4+ 23. Kh1 g5 24. Qe2 Ne5 25. f4 gxf4 26. Nxf4 Rg8 27. Rh3 Qg7 28. Qc2 Nd7 29. Nh5 Qe5 30. Ng3 Rxg4 31. Rxh7 Nf6 32. Rh8+ Rg8 33. Rh4 Qg5 34. Rhf4 Rh8 35. Nf5 Be5 36. Bd2 Ng4 37. Nxd6+ Bxd6 38. Qa4+ Kd8 39. R4f2 Nxf2+ 40. Rxf2 Qe5 41. Ba5+ Rc7 0-1

[Event "Grunwald Cup 37 blind"]
[Site "Dadaj"]
[Date "2012.09.21"]
[Round "7"]
[White "Dukaczewski, Piotr"]
[Black "Gunajew, Rafal"]
[Result "1-0"]
[WhiteElo "2221"]
[BlackElo "2269"]
[PlyCount "59"]
[EventDate "2012.09.16"]
[EventType "swiss"]
[EventRounds "9"]
[EventCountry "POL"]
[SourceTitle "CBM 150 Extra"]
[Source "ChessBase"]
[SourceDate "2012.10.19"]
[SourceVersion "1"]
[SourceVersionDate "2012.10.19"]
[SourceQuality "1"]

1. e4 c5 2. Nf3 d6 3. d4 cxd4 4. Qxd4 Nf6 5. Nc3 Nc6 6. Bb5 e5 7. Qd3 h6 8. Be3 a6 9. Ba4 Be6 10. 0-0-0 Qa5 11. a3 b5 12. Bb3 Bxb3 13. cxb3 Be7 14. b4 Qc7 15. Kb1 0-0 16. h3 Rfb8 17. Rc1 Qb7 18. Nd5 Nxd5 19. exd5 Nd8 20. g4 Rc8 21. Rcd1 a5 22. Bd2 a4 23. Bc3 Rc4 24. Nd2 Rc7 25. h4 f6 26. Ne4 Nf7 27. Ng3 Rc4 28. f3 Rac8 29. Nh5 Bd8 30. Rh2 1-0

[Event "Grunwald Cup 37 blind"]
[Site "Dadaj"]
[Date "2012.09.17"]
[Round "2"]
[White "Falkowski, Dawid"]
[Black "Gunajew, Rafal"]
[Result "0-1"]
[WhiteElo "2020"]
[BlackElo "2269"]
[PlyCount "83"]
[EventDate "2012.09.16"]
[EventType "swiss"]
[EventRounds "9"]
[EventCountry "POL"]
[SourceTitle "CBM 150 Extra"]
[Source "ChessBase"]
[SourceDate "2012.10.19"]
[SourceVersion "1"]
[SourceVersionDate "2012.10.19"]
[SourceQuality "1"]

1. e4 c5 2. Nf3 e6 3. d4 cxd4 4. Nxd4 Bc5 5. Nc3 Qb6 6. Na4 Qa5+ 7. c3 Bxd4 8. Qxd4 e5 9. Qc5 Qxc5 10. Nxc5 b6 11. Nd3 f6 12. Nb4 Ne7 13. Bc4 Bb7 14. f3 Nbc6 15. Nxc6 Bxc6 16. Be3 0-0-0 17. 0-0-0 d5 18. exd5 Bxd5 19. Ba6+ Kc7 20. Kc2 Be6 21. Rhe1 Nd5 22. Bc1 Rd6 23. Bd3 Rhd8 24. Be4 g6 25. Bxd5 Bxd5 26. Be3 Kc6 27. Rd2 Bc4 28. Rxd6+ Rxd6 29. b3 Bd3+ 30. Kc1 f5 31. Bf2 e4 32. Bd4 Rd7 33. f4 a5 34. Kd2 b5 35. Ke3 a4 36. Rd1 Rd8 37. b4 Kd5 38. h4 Rg8 39. Bf6 h6 40. Kd2 Ke6 41. Bd4 Bc4 42. Ke3 0-1

[Event "IBCA-ol blind 14th"]
[Site "Chennai"]
[Date "2012.08.11"]
[Round "2.3"]
[White "Gunajew, Rafal"]
[Black "Nistor, Mihai"]
[Result "1-0"]
[WhiteElo "2260"]
[BlackElo "1925"]
[PlyCount "43"]
[EventDate "2012.08.10"]
[EventType "team-swiss"]
[EventRounds "9"]
[EventCountry "IND"]
[SourceTitle "CBM 149 Extra"]
[Source "ChessBase"]
[SourceDate "2012.08.24"]
[SourceVersion "1"]
[SourceVersionDate "2012.08.24"]
[SourceQuality "1"]
[WhiteTeam "Poland"]
[BlackTeam "Romania"]
[WhiteTeamCountry "POL"]
[BlackTeamCountry "ROU"]

1. e4 c5 2. Nf3 g6 3. c3 Bg7 4. d4 cxd4 5. cxd4 d5 6. e5 Nc6 7. Nc3 a6 8. Be2 Bg4 9. Be3 Bxf3 10. Bxf3 e6 11. 0-0 Nge7 12. Qd2 Nf5 13. Bg4 Nxe3 14. fxe3 0-0 15. Rf3 Rc8 16. Raf1 b5 17. Qf2 Qe7 18. Nxd5 exd5 19. Bxc8 Rxc8 20. Rxf7 Qe6 21. Rb7 Rf8 22. Rxg7+ 1-0

[Event "Albena Masters op"]
[Site "Albena"]
[Date "2012.05.31"]
[Round "6"]
[White "Gunajew, Rafal"]
[Black "Mammadov, Zaur Fazahir Oglu"]
[Result "0-1"]
[WhiteElo "2243"]
[BlackElo "2393"]
[PlyCount "139"]
[EventDate "2012.05.26"]
[EventType "swiss"]
[EventRounds "9"]
[EventCountry "BUL"]
[SourceTitle "CBM 148 Extra"]
[Source "ChessBase"]
[SourceDate "2012.06.22"]
[SourceVersion "1"]
[SourceVersionDate "2012.06.22"]
[SourceQuality "1"]

1. e4 c6 2. d4 d5 3. Nc3 dxe4 4. Nxe4 Nf6 5. Nxf6+ exf6 6. Nf3 Bd6 7. Bd3 0-0 8. 0-0 Bg4 9. Re1 Bc7 10. c3 Qd6 11. g3 Qd5 12. Be2 Nd7 13. Nh4 Bxe2 14. Qxe2 Nb6 15. Ng2 Rad8 16. Bf4 Bxf4 17. Nxf4 Qd7 18. Qc2 Rfe8 19. Rad1 Nc4 20. b3 Nd6 21. d5 c5 22. c4 b6 23. Rxe8+ Rxe8 24. Nd3 Nf5 25. Re1 Nd4 26. Qd1 g6 27. Kg2 Rc8 28. Nf4 a5 29. Qd3 Kg7 30. Qe4 Nf5 31. h3 h5 32. Kh2 Kf8 33. Kg2 Rc7 34. Kh2 Ra7 35. Kg2 Qd8 36. Qd3 Qd7 37. a4 Kg7 38. Qe4 Ra8 39. Qd3 Rh8 40. Qe4 Qd6 41. Ne2 Qb8 42. Nc3 Nd6 43. Qd3 h4 44. g4 f5 45. g5 Re8 46. Rxe8 Qxe8 47. Qe3 Qxe3 48. fxe3 f6 49. gxf6+ Kxf6 50. Nb5 Nc8 51. Kf3 Ke5 52. Nc7 Nd6 53. Na8 Ne4 54. Nxb6 Nd2+ 55. Ke2 Nxb3 56. Nd7+ Kd6 57. Nf8 g5 58. Ne6 g4 59. Nf4 Nc1+ 60. Kf2 gxh3 61. Kg1 Nb3 62. Ne6 Nd2 63. Ng7 Nxc4 64. Nxf5+ Kxd5 65. Ne7+ Ke4 66. Nc6 Kxe3 67. Kh2 Kd3 68. Kxh3 Kc3 69. Kxh4 Kb3 70. Kg3 0-1